000 00568nam a22001817a 4500
003 0
005 20240920162145.0
008 240920b xxu||||| |||| 00| 0 eng d
020 _a978-1-5013-8017-4
050 _aP 96
_b.C37 2022
100 _aCarrigy, Megan
245 _aReenactment in contemporary screen culture : performance, mediation, repetition
_cCarrigy, Megan
260 _aNew York
_bBloomsbury academic
_cC2022
300 _axi,192p.
_bill.:
_c23cm.
500 _aHistorical reenactment in mass media.
650 _aIncludes refences.
942 _2lcc
_cBK
999 _c366298
_d366298